Národné hospodárstvo teória a politika

Na minha lista:
Detalhes bibliográficos
Autor principal: Briška, Rudolf
Formato: Livro
Idioma:eslovaco
Publicado em: Bratislava Družstevné vydavateľstvo a kníhkupectvo 1948
Edição:2. dopl. vyd.
Assuntos:
Tags: Adicionar Tag
Sem tags, seja o primeiro a adicionar uma tag!

MARC

LEADER 00000nam a2200000 4500
001 c128543
005 20221123135604.5
041 0 |a slo 
044 |a SK 
245 1 0 |a Národné hospodárstvo  |b teória a politika  |c Rudolf Briška 
250 |a 2. dopl. vyd. 
264 1 |a Bratislava  |b Družstevné vydavateľstvo a kníhkupectvo  |c 1948 
300 |a 509 s. 
610 2 0 |a teórie ekonomické 
610 2 0 |a hospodárstvo národné 
610 2 0 |a politika hospodárska 
100 1 |a Briška, Rudolf